00724cam a22002411 4500001001300000003000400013005001700017008004100034010001700075035001900092040004600111041001100157042001200168050002100180100003100201245004100232250001500273260005600288300003300344650004400377650004400421999001700465gs 15000204 DLC20260227111317.0760929s1887 dk d 000 0 dan c ags 15000204  a(OCoLC)2471566 aLibrary, U.S. Geological SurveycLNTdDLC0 adaneng apremarc00aPD3640b.R6 18871 aRosing, Svend,d1804-1883.10aEngelsk-dansk ordbog,caf S. Rosing. a6. udgave. aKøbenhavn,bGyldendalske boghandels forlag,c1887. aix, [1], 541, [1] p.c21 cm. 0aEnglish languagexDictionariesxDanish. 0aDanish languagexDictionariesxEnglish. c25487d25487